| LEADER | 00711nam a2200181 a 4500 | ||
|---|---|---|---|
| 001 | GR-MES2458 | ||
| 008 | 991111s1987 gr 000 0 gre d | ||
| 040 | |a GrPaTEI |b gre |c GR-PaULI | ||
| 245 | 0 | 0 | |a Δοκιμή για μια φιλοσοφική στοιχείωση. |
| 260 | |a Αθήνα : |b Δωδώνη, |c 1987 | ||
| 300 | |a 130σελ. | ||
| 650 | 4 | |a Φιλοσοφία | |
| 700 | 1 | |a Ορφανίδης, Ν. | |
| 710 | 0 | |a Δωδώνη | |
| 942 | |2 ddc | ||
| 952 | |0 0 |1 0 |2 ddc |4 0 |6 101_000000000000000_ΟΡΦ |7 0 |9 266851 |a MSLG |b MSLG |c BSC |d 2021-01-17 |e 24 |f 0 |g 0.00 |l 0 |o 101 ΟΡΦ |p 2420000011017 |r 2021-01-17 00:00:00 |t 1 |w 2021-01-17 |y BK15 |x 19991111 0 1 |x GrPaTEI | ||
| 971 | |a .b25735032 |b 15-04-20 |c 13-09-16 | ||
| 999 | |c 153560 |d 153560 | ||